| 000 | 00829nac a22002411u 4500 | ||
|---|---|---|---|
| 003 | EG-ScBUE | ||
| 005 | 20221113050641.0 | ||
| 008 | 221113s1987 nyua f b 001 0 eng d | ||
| 040 |
_aEG-ScBUE _beng _erda _cEG-ScBUE _dEG-ScBUE |
||
| 082 | 0 | 4 |
_a724.1 _bLOW _222 |
| 100 | 1 |
_aLowry, Bates, _d1923-2004, _eauthor. |
|
| 245 | 1 | 0 |
_aRenaissance architecture / _cby Bates Lowry. |
| 250 | _aEighth printing. | ||
| 264 | 1 |
_aNew York, _bGeorge Braziller, Inc., _c1987. |
|
| 300 |
_a127 pages : _billustrations ; _c26 cm. |
||
| 490 | 0 | _aThe great ages of world architecture | |
| 504 | _aIncludes bibliographical references and index. | ||
| 650 | 7 |
_aArchitecture, Renaissance. _2BUEsh |
|
| 650 | 7 |
_aArchitecture _y15th and 16th centuries. _2BUEsh |
|
| 653 | _bENGARC | ||
| 655 |
_vReading book _934232 |
||
| 942 |
_cBB _2ddc |
||
| 999 |
_c6039 _d6039 |
||